[Event "Muensterland Verbandsklasse 1920"]
[Site "Germany"]
[Date "2019.12.07"]
[Round "4.6"]
[White "Sprenger, Franz"]
[Black "Gatterdam, Karl Heinz"]
[Result "1/2-1/2"]
[WhiteElo "1675"]
[BlackElo "1695"]
[PlyCount "101"]
[EventDate "2019.09.14"]
[EventType "team-tourn"]
[EventRounds "7"]
[EventCountry "GER"]
[SourceTitle "EXT 2023"]
[Source "ChessBase"]
[SourceDate "2022.10.05"]
[SourceVersion "1"]
[SourceVersionDate "2022.10.05"]
[SourceQuality "1"]
[WhiteTeam "Gronau II"]
[BlackTeam "Emsdetten Rochade III"]
[WhiteTeamCountry "GER"]
[BlackTeamCountry "GER"]

1. e4 e5 2. Bc4 Nf6 3. Nc3 Nxe4 4. Bxf7+ Kxf7 5. Nxe4 d5 6. Qf3+ Kg8 7. Ng3 Nc6 8. N1e2 Bc5 9. a3 Be6 10. b4 Bb6 11. 0-0 Qf6 12. Qxf6 gxf6 13. Bb2 Kf7 14. Kh1 Ke7 15. f4 Rhf8 16. b5 Na5 17. fxe5 fxe5 18. Bxe5 Nc4 19. Bc3 Rxf1+ 20. Rxf1 Bc5 21. a4 a6 22. Nf4 Rf8 23. Nxe6 Rxf1+ 24. Nxf1 Kxe6 25. d4 Be7 26. bxa6 bxa6 27. Bd2 Bf6 28. c3 Nb6 29. a5 Nc4 30. Bf4 Bd8 31. g4 c6 32. Ng3 Bxa5 33. Ne2 Nd6 34. Bxd6 Kxd6 35. Kg2 Bc7 36. Kf3 a5 37. Ke3 a4 38. Kd3 Ke6 39. h3 Kf6 40. h4 Ke6 41. Ng1 Bf4 42. Nf3 Kd6 43. Kc2 c5 44. dxc5+ Kxc5 45. g5 Kc4 46. h5 a3 47. g6 hxg6 48. hxg6 Bh6 49. Ne5+ Kb5 50. Kb3 Bg7 51. Nf3 1/2-1/2

[Event "Steinfurt Bezirksliga 1819"]
[Site "Germany"]
[Date "2019.02.16"]
[Round "7.1"]
[White "Gatterdam, Karl Heinz"]
[Black "Merschkoetter, Peter"]
[Result "1/2-1/2"]
[WhiteElo "1678"]
[BlackElo "1682"]
[PlyCount "32"]
[EventDate "2018.09.01"]
[EventType "team-tourn"]
[EventRounds "10"]
[EventCountry "GER"]
[SourceTitle "EXT 2020"]
[Source "ChessBase"]
[SourceDate "2019.10.17"]
[SourceVersion "1"]
[SourceVersionDate "2019.10.17"]
[SourceQuality "1"]
[WhiteTeam "Emsdetten Rochade IV"]
[BlackTeam "Reckenfeld"]
[WhiteTeamCountry "GER"]
[BlackTeamCountry "GER"]

1. d4 f5 2. Nc3 d5 3. Bf4 Nf6 4. e3 c6 5. Bd3 e6 6. Nf3 Be7 7. Ne5 Nbd7 8. Qf3 Qb6 9. Rb1 a6 10. 0-0 c5 11. Na4 Qa5 12. Nxd7 Bxd7 13. Nxc5 Bxc5 14. dxc5 Qxc5 15. Be5 0-0 16. Qg3 Rf7 1/2-1/2

[Event "Muensterland Verbandsklasse 1718"]
[Site "Germany"]
[Date "2017.09.16"]
[Round "1.8"]
[White "Brambrink, Ulf"]
[Black "Gatterdam, Karl Heinz"]
[Result "1/2-1/2"]
[WhiteElo "1743"]
[BlackElo "1699"]
[PlyCount "64"]
[EventDate "2017.09.16"]
[EventType "team-tourn"]
[EventRounds "9"]
[EventCountry "GER"]
[SourceTitle "EXT 2019"]
[Source "ChessBase"]
[SourceDate "2018.10.10"]
[SourceVersion "1"]
[SourceVersionDate "2018.10.10"]
[SourceQuality "1"]
[WhiteTeam "Muenster Indische Dame"]
[BlackTeam "Emsdetten Rochade III"]
[WhiteTeamCountry "GER"]
[BlackTeamCountry "GER"]

1. e4 e5 2. Bc4 Nf6 3. d4 exd4 4. Nf3 d5 5. exd5 Qe7+ 6. Qe2 Qxe2+ 7. Kxe2 Bc5 8. Rd1 Bf5 9. Nxd4 Bxd4 10. Rxd4 Bxc2 11. Na3 Ba4 12. Bf4 c5 13. dxc6 Bxc6 14. Nb5 Bxb5 15. Bxb5+ Nc6 16. Rc1 0-0 17. Bxc6 bxc6 18. Rxc6 Rfe8+ 19. Be3 Rab8 20. b3 Rb5 21. Kf1 Rbe5 22. Rcd6 h5 23. Rd8 Ng4 24. Rxe8+ Rxe8 25. Ke2 Re6 26. h3 Nh6 27. Rd8+ Kh7 28. Rd7 f5 29. Kd3 a6 30. Rb7 Ng8 31. Rb6 Rxb6 32. Bxb6 g5 1/2-1/2

[Event "Steinfurt Bezirksklasse 1617"]
[Site "Germany"]
[Date "2017.05.13"]
[Round "9.1"]
[White "Gatterdam, Karl Heinz"]
[Black "Terhorst, Timo"]
[Result "1/2-1/2"]
[WhiteElo "1668"]
[BlackElo "1617"]
[PlyCount "63"]
[EventDate "2016.09.17"]
[EventType "team"]
[EventRounds "10"]
[EventCountry "GER"]
[SourceTitle "EXT 2018"]
[Source "ChessBase"]
[SourceDate "2017.10.13"]
[SourceVersion "1"]
[SourceVersionDate "2017.10.13"]
[SourceQuality "1"]
[WhiteTeam "Emsdetten Rochade VI"]
[BlackTeam "Rheine CC"]
[WhiteTeamCountry "GER"]
[BlackTeamCountry "GER"]

1. d4 Nf6 2. c4 e6 3. Nc3 Bb4 4. e3 0-0 5. Bd3 d5 6. Nge2 Nbd7 7. a3 Bxc3+ 8. Nxc3 c5 9. cxd5 cxd4 10. exd4 exd5 11. 0-0 Re8 12. Qc2 h6 13. Nb5 Re6 14. Bf4 Rc6 15. Qd2 Nf8 16. Rac1 Bd7 17. Nd6 Qb6 18. Nf5 Bxf5 19. Bxf5 Ne6 20. Rxc6 Qxc6 21. Rc1 Qb6 22. Bxe6 Qxe6 23. Rc7 Qb6 24. f3 Re8 25. Qc3 Re2 26. Rc8+ Ne8 27. b4 Qg6 28. Bg3 Qb1+ 29. Qc1 Qxc1+ 30. Rxc1 Nf6 31. Rc7 Ra2 32. Rxb7 1/2-1/2

[Event "Steinfurt Bezirksliga 1617"]
[Site "Germany"]
[Date "2017.01.21"]
[Round "5.8"]
[White "Gatterdam, Karl Heinz"]
[Black "Wels, Piet Harry"]
[Result "1-0"]
[WhiteElo "1667"]
[BlackElo "1013"]
[PlyCount "47"]
[EventDate "2016.09.24"]
[EventType "team"]
[EventRounds "9"]
[EventCountry "GER"]
[SourceTitle "EXT 2018"]
[Source "ChessBase"]
[SourceDate "2017.10.13"]
[SourceVersion "1"]
[SourceVersionDate "2017.10.13"]
[SourceQuality "1"]
[WhiteTeam "Emsdetten Rochade III"]
[BlackTeam "Saerbeck II"]
[WhiteTeamCountry "GER"]
[BlackTeamCountry "GER"]

1. d4 d5 2. c4 c6 3. Nf3 Bg4 4. Ne5 Be6 5. cxd5 cxd5 6. Qb3 Qc8 7. Nc3 Nf6 8. e3 a6 9. Na4 Nbd7 10. Nxd7 Nxd7 11. Bd2 b5 12. Rc1 Qb7 13. Ba5 Rc8 14. Nc3 Nc5 15. dxc5 d4 16. Bxb5+ axb5 17. Qxb5+ Qxb5 18. Nxb5 dxe3 19. fxe3 Bxa2 20. Kf2 Rb8 21. Bb6 e6 22. Rhd1 Be7 23. Nc7+ Kf8 24. b4 1-0

[Event "Steinfurt Bezirksklasse 1617"]
[Site "Germany"]
[Date "2017.01.14"]
[Round "5.1"]
[White "Gatterdam, Karl Heinz"]
[Black "Van Dam, Hans"]
[Result "0-1"]
[WhiteElo "1668"]
[BlackElo "1572"]
[PlyCount "86"]
[EventDate "2016.09.17"]
[EventType "team"]
[EventRounds "10"]
[EventCountry "GER"]
[SourceTitle "EXT 2018"]
[Source "ChessBase"]
[SourceDate "2017.10.13"]
[SourceVersion "1"]
[SourceVersionDate "2017.10.13"]
[SourceQuality "1"]
[WhiteTeam "Emsdetten Rochade VI"]
[BlackTeam "Rheine Klein Berlin III"]
[WhiteTeamCountry "GER"]
[BlackTeamCountry "GER"]

1. d4 e6 2. c4 d5 3. Nc3 Nf6 4. Bg5 Be7 5. e3 h6 6. Bh4 c6 7. Nf3 Ne4 8. Bxe7 Qxe7 9. Qc2 Nxc3 10. Qxc3 0-0 11. Bd3 dxc4 12. Bxc4 Nd7 13. 0-0 c5 14. Rfd1 Nf6 15. Rac1 b6 16. dxc5 Qxc5 17. Qd3 Qe7 18. Bb5 Bb7 19. Qd6 Qxd6 20. Rxd6 Bxf3 21. gxf3 Rac8 22. Rdc6 Rxc6 23. Rxc6 Rb8 24. a4 a5 25. Bc4 Kf8 26. Rc7 Ne8 27. Rd7 Nf6 28. Rd4 Ke7 29. Kf1 Rd8 30. Rxd8 Kxd8 31. Ke2 Kc7 32. Kd3 Kd6 33. Kd4 Nd7 34. e4 g5 35. Ke3 Nc5 36. Bb5 e5 37. Be8 f6 38. Bb5 Ne6 39. Bc4 Nd4 40. Be2 Nxe2 41. Kxe2 Kc5 42. Kd3 Kb4 43. Kc2 Kxa4 0-1